European Transport/Trasporti Europei International Journal of Transport Economics, Engineering and Law

Guardado en:
Detalles Bibliográficos
Formato: Seriadas
Lenguaje:inglés
Publicado: Trieste EUT Edizioni Università di Trieste
Etiquetas: Agregar Etiqueta
Sin Etiquetas, Sea el primero en etiquetar este registro!

MARC

LEADER 00000nas1a2200000 4500
001 0304608
005 20250701092120.4
022 |a 1825-3997 
022 |a 2283-5520 
041 0 |a eng 
044 |a IT 
245 1 0 |a European Transport/Trasporti Europei  |b International Journal of Transport Economics, Engineering and Law 
264 1 |a Trieste  |b EUT Edizioni Università di Trieste